00915nam a2200265 a 4500001001300000003000900013005001700022008004100039020000800080082001600088100002200104245005900126260005000185300000900235500003500244505001000279650002800289700002200317902000800339942000700347952009400354952009400448952009400542999001300636nice12345678IN_TiNIC20260116011316.0050524s1913 lona grp 000 0 eng  ac000a248.24bGOL aGoldsack, William aGhulam Jabbar`s Renunciation, a Tale of Eastern Bengal aLondon & MadrasbChristian Lit. Societyc1913 a137p aincludes index and biblioraphy2 aIndex aConversion-Christianity1 aGoldsack, William bSRS cBK 00104070aHMIbHMId0000-00-00g0.00l0o248.24 GOLp1323r0000-00-00w2026-01-16yARB 00104070aHMIbHMId0000-00-00g0.00l0o248.24 GOLp1353r0000-00-00w2026-01-16yARB 00104070aHMIbHMId0000-00-00g0.00l0o248.24 GOLp2041r0000-00-00w2026-01-16yARB c382d382